| 000 | 00721nam a2200169 a 4500 | ||
|---|---|---|---|
| 008 | 120416s0000 ||||||||||||||||| || u | ||
| 020 | _a0748726861 | ||
| 050 | _aHF 5549.5.T7 Laf | ||
| 100 | _aLaffan, Jane | ||
| 245 | 1 | 4 | _aThe definitive guide to environmental training |
| 246 | _aLaffan, jane | ||
| 260 |
_aCheltenham _bStanley Thornes _c1996 |
||
| 300 | _a84p. : ill | ||
| 350 | _a0.00 | ||
| 995 |
_aMAIN LIBRARY OPEN ACCESS _D0.00 _e028248 _FCBU-MAIN LIBRARY (Kitwe) _H2 _I7.85 _jHF 5549.5.T7 Laf _M1 _UAVAILABLE _y028248 _ZMain Library Open Access Collection |
||
| 995 |
_aMAIN LIBRARY OPEN ACCESS _D0.00 _e730822 _FCBU-MAIN LIBRARY (Kitwe) _H1 _I7.85 _jHF 5549.5.T7 Laf _M2 _UAVAILABLE _y027970 _ZMain Library Open Access Collection |
||
| 999 |
_c63418 _d63418 |
||